| 000 | 00917nam a22002417a 4500 | ||
|---|---|---|---|
| 999 |
_c64962 _d64962 |
||
| 005 | 20240530110800.0 | ||
| 008 | 190121s2017 ua f b 000 0|ara d | ||
| 017 |
_a2017/4265 _bمصر. دار الكتب |
||
| 020 | _a9789779111810 | ||
| 040 |
_aEG-CaGPL _cEG-CaGPL |
||
| 082 | 0 | 4 |
_221 _a410.89 / _bم ع |
| 100 | 0 | _aمحمد الشرقاوى | |
| 245 | 1 | 2 |
_aالعربية فى شرق افريقيا : _bمقدمة فى التهجين اللغوى / _cمحمد الشرقاوى |
| 250 | _aط.1 | ||
| 260 |
_aالقاهرة : _bالهيئة المصرية العامة للكتاب، _c2017. |
||
| 300 |
_a233 ص. ؛ _c24 سم. |
||
| 504 | _aيشتمل على ارجاعات ببليوجرافية | ||
| 650 | 0 | 7 |
_2qrmak _aاللغة العربية |
| 650 | 0 | 7 |
_2qrmak _aاللغة العربية _zشرق افريقيا |
| 651 | _2qrmak | ||
| 942 |
_2ddc _cBK |
||